000
00195nam a22000857a 4500
008
170626b xxu||||| |||| 00| 0 eng d
100
_9
3678
_a
CBSE
245
_a
Mathematics X
260
_a
New Delhi
_c
2002
999
_c
7093
_d
7093